| 000 | 01055nam a2200301Ia 4500 | ||
|---|---|---|---|
| 003 | OSt | ||
| 005 | 20221007124016.0 | ||
| 006 | a|||||r|||| 00| 0 | ||
| 007 | ta | ||
| 008 | 221006b |||||||| |||| 00| 0 eng d | ||
| 020 | _a9780120885220 (pbk) | ||
| 024 | _a83994 | ||
| 037 |
_b480, 25/02/2009, Ashutosh Technical Books _cTextbook |
||
| 040 |
_aCDL _cCDL _beng |
||
| 041 |
_2eng _aeng |
||
| 082 | _aE218:5, P8 Carc | ||
| 100 |
_aSimpson Jeffrey H _9718298 |
||
| 245 | 0 | _aOrganic structure and determination using 2-D NMR spectroscopy:a problem-based approach | |
| 260 |
_aAmsterdam _bElsevier _c2008 |
||
| 300 |
_axiv, 362p. _ccm. |
||
| 500 | _aIncludes bibliographical references.; Glossary 333-348p.; Index 349-362p. | ||
| 650 |
_a Instruemental considerations _9718299 |
||
| 650 |
_a NMR tube selection _9718300 |
||
| 650 |
_a RF Filtering _9718301 |
||
| 650 | _aChemistry | ||
| 942 |
_hE218:5, P8 Carc _cTB _2CC |
||
| 999 |
_c1212789 _d1212789 |
||